[Event "Bad Soden U14 op"]
[Site "Bad Soden"]
[Date "2017.10.02"]
[Round "7"]
[White "Wisniewski, Niklas Lorenz"]
[Black "Porstendoerfer, Yannik"]
[Result "0-1"]
[WhiteElo "1031"]
[BlackElo "1231"]
[PlyCount "90"]
[EventDate "2017.09.30"]
[EventType "swiss"]
[EventRounds "9"]
[EventCountry "GER"]
[SourceTitle "EXT 2019"]
[Source "ChessBase"]
[SourceDate "2018.10.10"]
[SourceVersion "1"]
[SourceVersionDate "2018.10.10"]
[SourceQuality "1"]

1. e4 c5 2. Bc4 a6 3. a3 b5 4. Ba2 Bb7 5. d3 g6 6. Nf3 Bg7 7. Nbd2 d6 8. c3 Nc6 9. Qc2 e6 10. 0-0 Nge7 11. Re1 0-0 12. Nf1 d5 13. Bg5 Qd7 14. Bxe7 Nxe7 15. e5 Rac8 16. b4 d4 17. cxd4 Bxf3 18. gxf3 cxb4 19. Qb2 bxa3 20. Qxa3 Rc6 21. Rac1 Rfc8 22. Ne3 Rxc1 23. Rxc1 Rxc1+ 24. Qxc1 Qxd4 25. Qc7 Bxe5 26. Qxe7 Qa1+ 27. Kg2 Qxa2 28. Ng4 Bg7 29. Qe8+ Bf8 30. Nh6+ Kg7 31. Qxf7+ Kxh6 32. Qxf8+ Kh5 33. Qc5+ Qd5 34. Qb4 Qg5+ 35. Kh3 Qf5+ 36. Kg3 Qg5+ 37. Kh3 e5 38. Qd6 Qf5+ 39. Kg3 Qf4+ 40. Kg2 a5 41. Qc5 Kh4 42. Qe7+ Qg5+ 43. Qxg5+ Kxg5 44. Kf1 a4 45. Ke2 a3 0-1